Don't let them get away with it (Record no. 80003)
[ view plain ]
| 000 -LEADER | |
|---|---|
| fixed length control field | 01210cab a22002175a 4500 |
| 001 - CONTROL NUMBER | |
| control field | L142995 |
| 008 - FIXED-LENGTH DATA ELEMENTS--GENERAL INFORMATION | |
| fixed length control field | 080401e20080314xxk f 000 0 eng d |
| 035 ## - SYSTEM CONTROL NUMBER | |
| System control number | (Sirsi) u142995 |
| 041 0# - LANGUAGE CODE | |
| Language code of text/sound track or separate title | eng |
| 100 1# - MAIN ENTRY--PERSONAL NAME | |
| Personal name | English, Peter |
| 245 00 - TITLE STATEMENT | |
| Title | Don't let them get away with it |
| 260 ## - PUBLICATION, DISTRIBUTION, ETC. | |
| Date of publication, distribution, etc. | 2008 |
| 490 #0 - SERIES STATEMENT | |
| Series statement | Building |
| Volume/sequential designation | 273(8519) 14 March 2008, 70(1) |
| 520 ## - SUMMARY, ETC. | |
| Summary, etc. | Discusses implications of the recent landmark case, "Southern Glass Services v Barratt Homes Southampton" (2008, unreported), in which an adjudicator ruled that Barratt had 'improperly withheld' cash in discounts that it had deducted but was not entitled to. Suggests that this decision could entitle other subcontractors to recover discounts and other illegal deductions. Provides advice for subcontractors to prevent them losing money in a similar way to Southern Glass. |
| 590 ## - LOCAL NOTE (RLIN) | |
| Local note | KA |
| 650 24 - SUBJECT ADDED ENTRY--TOPICAL TERM | |
| Topical term or geographic name entry element | SOUTHERN GLASS SERVICES V BARRATT HOMES SOUTHAMPTON |
| 651 #4 - SUBJECT ADDED ENTRY--GEOGRAPHIC NAME | |
| Geographic name | Great Britain |
| Chronological subdivision | 1707- |
| 690 ## - LOCAL SUBJECT ADDED ENTRY--TOPICAL TERM (OCLC, RLIN) | |
| Topical term or geographic name as entry element | MANAGEMENT-DISPUTE AVOIDANCE, MANAGEMENT AND RESOLUTION-DISPUTE MANAGEMENT AND RESOLUTION-ALTERNATIVE DISPUTE RESOLUTION-ADJUDICATION |
| 690 ## - LOCAL SUBJECT ADDED ENTRY--TOPICAL TERM (OCLC, RLIN) | |
| Topical term or geographic name as entry element | BUILT ENVIRONMENT-CONSTRUCTION MANAGEMENT-BUILDING CONTRACT ADMINISTRATION |
| 942 ## - ADDED ENTRY ELEMENTS (KOHA) | |
| Suppress in OPAC | 0 |
| Withdrawn status | Lost status | Source of classification or shelving scheme | Damaged status | Not for loan | Home library | Current library | Shelving location | Date acquired | Total Checkouts | Full call number | Barcode | Date last seen | Copy number | Price effective from | Koha item type |
|---|---|---|---|---|---|---|---|---|---|---|---|---|---|---|---|
| Dewey Decimal Classification | London | London | Journal article | 01/04/2008 | L142995 | 142995-1001 | 06/08/2019 | 1 | 06/08/2019 | Journal article |